Pedagogía comunitaria: perspectivas mundiales de educación de adultos
La educación de adultos, no se trata tanto de procesos didácticos, lo que se busca es la capacitación de individuos para que sepan vivir plenamente todos los aspectos de su vida como ciudadanos autónomos, para que se promocionen en comunidad.
Gardado en:
| Autor Principal: | |
|---|---|
| Formato: | Libro |
| Idioma: | Spanish |
| Publicado: |
Madrid:
Narcea de Ediciones,
1991
|
| Series: | Narcea sociocultural
|
| Subjects: | |
| Acceso en liña: | Enlace del recurso |
| Tags: |
Engadir etiqueta
Sen Etiquetas, Sexa o primeiro en etiquetar este rexistro!
|
MARC
| LEADER | 00000nam a2200000 a 4500 | ||
|---|---|---|---|
| 001 | 000654 | ||
| 008 | 040615s1991 sp # fr# #001|0#spa#d | ||
| 020 | |a 84-2770-958-7 | ||
| 041 | 0 | |a spa | |
| 043 | |a e-sp--- | ||
| 082 | 0 | 4 | |a 374.1 |b Q835p |
| 100 | 1 | |a Quintana, José María | |
| 245 | 1 | 0 | |a Pedagogía comunitaria: |b perspectivas mundiales de educación de adultos |c José María Quintana |
| 260 | |a Madrid: |b Narcea de Ediciones, |c 1991 | ||
| 300 | |a 172 p. | ||
| 440 | 0 | |a Narcea sociocultural | |
| 504 | |a Incluye bibliografía e índices. | ||
| 520 | 3 | |a La educación de adultos, no se trata tanto de procesos didácticos, lo que se busca es la capacitación de individuos para que sepan vivir plenamente todos los aspectos de su vida como ciudadanos autónomos, para que se promocionen en comunidad. | |
| 650 | 1 | 4 | |a EDUCACIÓN DE ADULTOS |
| 650 | 1 | 4 | |a EDUCACIÓN COMUNITARIA |
| 999 | |c 2806 |d 2806 | ||
| 856 | |u https://catalogo.idep.edu.co/cgi-bin/koha/opac-detail.pl?biblionumber=2806 |z Enlace del recurso | ||